El mundo del niño / (Registro nro. 11652)
[ vista simple ]
| 000 -LEADER | |
|---|---|
| fixed length control field | 01261cam a2200349 i 4500 |
| 001 - CONTROL NUMBER | |
| control field | 11652 |
| 003 - CONTROL NUMBER IDENTIFIER | |
| control field | Mx-PuUPA |
| 005 - DATE AND TIME OF LATEST TRANSACTION | |
| control field | 20240410103456.0 |
| 008 - FIXED-LENGTH DATA ELEMENTS--GENERAL INFORMATION | |
| fixed length control field | 140415s1988 mx a r 000 0 spa d |
| 020 ## - INTERNATIONAL STANDARD BOOK NUMBER | |
| International Standard Book Number | 9684220030 (obra completa) |
| 020 ## - INTERNATIONAL STANDARD BOOK NUMBER | |
| International Standard Book Number | 9684220049 (t. 1) |
| 020 ## - INTERNATIONAL STANDARD BOOK NUMBER | |
| International Standard Book Number | 9684220057 (t. 2) |
| 020 ## - INTERNATIONAL STANDARD BOOK NUMBER | |
| International Standard Book Number | 9684220065 (t. 3) |
| 040 ## - CATALOGING SOURCE | |
| Original cataloging agency | MX-PuUPA |
| Language of cataloging | spa |
| Description conventions | rda |
| Transcribing agency | Mx-PuUPA |
| Modifying agency | Mx-PuUPA |
| 041 1# - LANGUAGE CODE | |
| Language code of text/sound track or separate title | spa |
| Language code of original | eng |
| 100 1# - MAIN ENTRY--PERSONAL NAME | |
| Personal name | Papalia, Diane E., |
| Relator term | autor |
| 9 (RLIN) | 4923 |
| 240 10 - UNIFORM TITLE | |
| Uniform title | A childs world. |
| Language of a work | Español |
| 245 13 - TITLE STATEMENT | |
| Title | El mundo del niño / |
| Statement of responsibility, etc. | Diane E. Papalia, Sally Wendkos Olds ; traducción, Jesús Villamizar. |
| 264 #1 - PRODUCTION, PUBLICATION, DISTRIBUTION, MANUFACTURE, AND COPYRIGHT NOTICE | |
| Place of production, publication, distribution, manufacture | Naucalpan de Juárez, Edo. de México : |
| Name of producer, publisher, distributor, manufacturer | McGraw-Hill Interamericana de México, |
| Date of production, publication, distribution, manufacture, or copyright notice | ©1988 |
| 300 ## - PHYSICAL DESCRIPTION | |
| Extent | 3 volúmenes (paginación varía) : |
| Other physical details | ilustraciones ; |
| Dimensions | 24 cm. |
| 336 ## - CONTENT TYPE | |
| Content type term | texto |
| Fuente | rdacontent |
| Content type code | txt |
| 337 ## - MEDIA TYPE | |
| Media type term | sin medio |
| Source | rdamedia |
| Media type code | n |
| 338 ## - CARRIER TYPE | |
| Carrier type term | volumen |
| Source | rdacarrier |
| Carrier type code | nc |
| 650 #4 - SUBJECT ADDED ENTRY--TOPICAL TERM | |
| Topical term or geographic name entry element | Psicología infantil |
| 650 #4 - SUBJECT ADDED ENTRY--TOPICAL TERM | |
| Topical term or geographic name entry element | Desarrollo infantil |
| 700 1# - ADDED ENTRY--PERSONAL NAME | |
| Personal name | Olds, Sally Wendkos, |
| Relator term | autor |
| 700 1# - ADDED ENTRY--PERSONAL NAME | |
| Personal name | Villamizar, Jesús, |
| Relator term | traductor |
| 765 08 - ORIGINAL LANGUAGE ENTRY | |
| Main entry heading | Papalia, Diane E., |
| Title | A childs world. |
| Place, publisher, and date of publication | U.S.A. : McGraw-Hill, ©1982 |
| 942 ## - ADDED ENTRY ELEMENTS (KOHA) | |
| Source of classification or shelving scheme | Dewey Decimal Classification |
| Koha item type | Libro |
| Classification part | 155.4 |
| Item part | P213 |
| Withdrawn status | Lost status | Source of classification or shelving scheme | Damaged status | Not for loan | Collection code | Home library | Current library | Shelving location | Date acquired | Source of acquisition | Serial Enumeration / chronology | Full call number | Barcode | Date last seen | Price effective from | Koha item type |
|---|---|---|---|---|---|---|---|---|---|---|---|---|---|---|---|---|
| Dewey Decimal Classification | Referencia | Biblioteca Karol Wojtyla | Biblioteca Karol Wojtyla | Área de silencio | 03/12/2013 | Compra | t.1 | 155.4 P213 1988 | 27230 | 05/01/2026 | 06/07/2017 | Libro R | ||||
| Dewey Decimal Classification | Referencia | Biblioteca Karol Wojtyla | Biblioteca Karol Wojtyla | Área de silencio | 03/12/2013 | Compra | t.2 | 155.4 P213 1988 | 27231 | 05/01/2026 | 06/07/2017 | Libro R | ||||
| Dewey Decimal Classification | Referencia | Biblioteca Karol Wojtyla | Biblioteca Karol Wojtyla | Área de silencio | 03/12/2013 | Compra | t.3 | 155.4 P213 1988 | 27232 | 05/01/2026 | 06/07/2017 | Libro R |